The gas turbine manual (Record no. 4180)

000 -LEADER
fixed length control field 00362nam a22001457a 4500
008 - FIXED-LENGTH DATA ELEMENTS--GENERAL INFORMATION
fixed length control field 200724b ||||| |||| 00| 0 eng d
082 00 - DEWEY DECIMAL CLASSIFICATION NUMBER
Classification number 621.433
Item number W461
100 ## - MAIN ENTRY--PERSONAL NAME
9 (RLIN) 1875
Personal name Welsh, R. J.
245 10 - TITLE STATEMENT
Title The gas turbine manual
260 ## - PUBLICATION, DISTRIBUTION, ETC. (IMPRINT)
Place of publication, distribution, etc London
Name of publisher, distributor, etc Temple Press
Date of publication, distribution, etc 1951
300 ## - PHYSICAL DESCRIPTION
Extent 200 p.
365 ## - TRADE PRICE
Unit of pricing 17.03
650 #0 - SUBJECT ADDED ENTRY--TOPICAL TERM
Topical term or geographic name as entry element Gas Turbines
942 ## - ADDED ENTRY ELEMENTS (KOHA)
Item type Books
Holdings
Withdrawn status Lost status Source of classification or shelving scheme Damaged status Not for loan Permanent location Current location Date acquired Source of acquisition Full call number Barcode Date last seen Koha item type
  Lost       IMU Kolkata IMU Kolkata 1953-02-25 A. H. Wheeler 621.433 W461 01563 2020-07-24 Books
Designed and Maintained by IMU-KC Library, Kolkata Campus © Copyright All Rights Reserved

webs counters

Powered by Koha